Přehled dějin socialistických zemí v letech 1944-1975 Evropské socialistické země

Na minha lista:
Detalhes bibliográficos
Formato: Livro
Idioma:tcheco
Publicado em: Praha Státní pedagogické nakladatelství 1986
Edição:1. vyd.
Tags: Adicionar Tag
Sem tags, seja o primeiro a adicionar uma tag!

MARC

LEADER 00000nam a2200000 4500
001 c033755
005 20260120072606.4
041 0 |a cze 
044 |a CZ 
245 1 0 |a Přehled dějin socialistických zemí v letech 1944-1975  |b Evropské socialistické země  |c Otto Zwettler 
250 |a 1. vyd. 
264 1 |a Praha  |b Státní pedagogické nakladatelství  |c 1986 
300 |a 265 s.